| 000 | 01141nam0a2200289 4500 | ||
|---|---|---|---|
| 001 | RU\NLR\ONL1\5485 | ||
| 005 | 20250613114854.0 | ||
| 035 | _a(NLR Aleph) 009634236 | ||
| 090 |
_a9513328 _c9513328 |
||
| 100 | _a20050518d1997 |||y0rusy50 ca | ||
| 101 | 0 | _aost | |
| 102 | _aRU | ||
| 105 | _aa ||||||||| | ||
| 200 | 1 |
_aКартинный словарь хантыйского языка _eКазым. диалект _eПособие для нач. кл. _fВ. Н. Соловар _gХудож. Л. А. Иванов |
|
| 210 |
_aСПб. _cАлфавит _d1997 |
||
| 215 |
_a159 с. _cцв. ил. _d21 |
||
| 300 | _aЗагл. обл.: Ханты яснуп хуран словарь | ||
| 512 | 1 | _aХанты яснуп хуран словарь | |
| 606 | 0 |
_aХантыйский язык _91813518 _3RU\NLR\auth\66818361 |
|
| 686 | 1 | _aШ166.512-49 | |
| 700 | 1 |
_4070 _7ca _8rus _aСоловар _bВ. Н. _f1958- _gВалентина Николаевна _9204952 _3RU\NLR\AUTH\770205004 |
|
| 801 | 0 |
_aRU _bNLR _c20050518 _gPSBO |
|
| 852 |
_aNLR _bОНЛ _jХант./3-114 |
||
| 942 | _cBOOK | ||
| 980 | _aNB | ||